Sistemas inalámbricos de comunicación personal /
Contenido: Sistemas celulares de radiotelefonía movil; Control de potencia en sistemas de comunicaciones móviles terrestres; Acceso múltiple por división de código (CDMA); Comunicaciones inalámbricas en ambiente interior; Acceso local inalámbrico; Cellular digital packet data (CDPD); El sistema pane...
Guardado en:
| Autor principal: | |
|---|---|
| Formato: | Libro |
| Idioma: | Español |
| Publicado: |
México :
Alfaomega : Marcombo,
2002, c2002
|
| Temas: | |
| Etiquetas: |
Sin etiquetas, Sé el primero en etiquetar este registro!
|
MARC
| LEADER | 00000nam^a2200000^a^4500 | ||
|---|---|---|---|
| 001 | 000156616 | ||
| 005 | 20250521000000.0 | ||
| 009 | 20260310100511.356 | ||
| 020 | |a 970-15-0516-6 | ||
| 020 | |a 84-267-1318-1 | ||
| 037 | |a Acervo ITESO - Biblioteca | ||
| 041 | |a ESP | ||
| 082 | |a 621. 38456 |b MUÑ | ||
| 100 | |a Muñoz Rodríguez, David |e (ed.) | ||
| 245 | 1 | 0 | |a Sistemas inalámbricos de comunicación personal / |c Ed. de D. Muñoz Rodríguez. |
| 264 | 4 | |a México : |b Alfaomega : |b Marcombo, |c 2002, c2002 | |
| 300 | |a XIII, 337 p. | ||
| 336 | |a texto |b txt |2 rdacontenido | ||
| 337 | |a sin mediación |b n |2 rdamedio | ||
| 338 | |a volumen |b nc |2 rdasoporte | ||
| 520 | |a Contenido: Sistemas celulares de radiotelefonía movil; Control de potencia en sistemas de comunicaciones móviles terrestres; Acceso múltiple por división de código (CDMA); Comunicaciones inalámbricas en ambiente interior; Acceso local inalámbrico; Cellular digital packet data (CDPD); El sistema paneuropeo GSM; Redes satelitales LEOS y MEOS; Sistemas satelitales e interoperabilidad de sistemas. | ||
| 649 | |a XX | ||
| 650 | |a Computación Móvil | ||
| 650 | |a Comunicación Inalámbrica | ||
| 650 | |a Comunicaciones y Tránsito | ||
| 650 | |a Sistemas de Telecomunicación | ||
| 650 | |a Telecomunicaciones | ||
| 650 | |a Comunicación - |x Aspectos Tecnológicos | ||
| 650 | |a Electrónica | ||
| 650 | |a Ingeniería Computacional | ||
| 650 | |a Ingeniería Electrónica | ||
| 910 | |a Fondo General | ||
| 920 | |a Impresos - Libros | ||
| 930 | |a Colección General | ||
| 905 | |a 101 | ||
| 901 | |a 0500085230 |b IT1 |c ACC |u 20250521 | ||
| 902 | |a https://opac.biblio.iteso.mx/vufind/Record/000156616 | ||